[Event "THA-chT Rapid"]
[Site "Bangkok"]
[Date "2021.12.13"]
[Round "2.2"]
[White "Maneesorn, Kankawee"]
[Black "Chokthitirath, Akararath"]
[Result "1-0"]
[WhiteElo "1779"]
[BlackElo "1087"]
[PlyCount "73"]
[EventDate "2021.12.13"]
[EventType "team-swiss (rapid)"]
[EventRounds "9"]
[EventCountry "THA"]
[SourceTitle "CBM 205 Extra"]
[Source "ChessBase"]
[SourceDate "2022.01.31"]
[SourceVersion "1"]
[SourceVersionDate "2022.01.31"]
[SourceQuality "1"]
[WhiteTeam "Chiang Mai"]
[BlackTeam "Red Knight U12"]
[WhiteTeamCountry "THA"]
[BlackTeamCountry "THA"]

1. d4 d5 2. Nf3 Bf5 3. g3 e6 4. Bg2 c5 5. 0-0 Nc6 6. dxc5 Bxc5 7. c4 Nf6 8. cxd5 Nxd5 9. a3 0-0 10. Nh4 Bg4 11. h3 Bh5 12. Nf3 Nf6 13. Nc3 Nd4 14. Nxd4 Bxd4 15. Bxb7 Rb8 16. Bg2 Bxc3 17. bxc3 Qxd1 18. Rxd1 Bxe2 19. Re1 Bh5 20. Be3 Rb3 21. Bxa7 Rxc3 22. a4 Nd5 23. a5 Bf3 24. Bf1 Ra8 25. Bd4 Rc6 26. Rec1 Rxc1 27. Rxc1 f5 28. a6 Nb4 29. a7 Kf7 30. Rc7+ Ke8 31. Rxg7 Kf8 32. Rxh7 Nc6 33. Rh8+ Kf7 34. Rxa8 Nxd4 35. Rd8 Nc6 36. a8Q Nxd8 37. Qxf3 1-0

[Event "Nonthaburi SEA Games Qual"]
[Site "Nonthaburi"]
[Date "2021.03.05"]
[Round "3.4"]
[White "Prayoonthamrongthiti, Pisut"]
[Black "Maneesorn, Kankawee"]
[Result "1-0"]
[WhiteElo "1660"]
[BlackElo "1881"]
[PlyCount "61"]
[EventDate "2021.03.04"]
[EventType "swiss"]
[EventRounds "9"]
[EventCountry "THA"]
[SourceTitle "EXT 2022"]
[Source "ChessBase"]
[SourceDate "2021.10.06"]
[SourceVersion "1"]
[SourceVersionDate "2021.10.06"]
[SourceQuality "1"]

1. e4 c6 2. Nc3 d5 3. Nf3 dxe4 4. Nxe4 Nd7 5. Bc4 e6 6. Qe2 Be7 7. d4 Ngf6 8. Ng3 Nb6 9. Bb3 0-0 10. 0-0 Qc7 11. Re1 Nbd5 12. Ne4 Re8 13. c4 Nf4 14. Nxf6+ Bxf6 15. Qe4 Ng6 16. h4 c5 17. h5 Nf8 18. h6 cxd4 19. hxg7 Bxg7 20. Nxd4 Bd7 21. Be3 a6 22. Rad1 Rac8 23. Qh4 e5 24. Ne2 Ng6 25. Qg5 Bc6 26. Nc3 Qe7 27. Nd5 Qe6 28. c5 Bxd5 29. Rxd5 Qe7 30. Qg4 Bf8 31. Rd7 1-0

[Event "Asia-ch Universities"]
[Site "Chess.com INT"]
[Date "2020.12.28"]
[Round "6"]
[White "Agibileg, Uurtsaikh"]
[Black "Maneesorn, Kankawee"]
[Result "1-0"]
[WhiteElo "2413"]
[BlackElo "1885"]
[PlyCount "35"]
[EventDate "2020.12.27"]
[EventType "swiss"]
[EventRounds "9"]
[EventCountry "IRI"]
[SourceTitle "CBM 200 Extra"]
[Source "ChessBase"]
[SourceDate "2021.03.31"]
[SourceVersion "1"]
[SourceVersionDate "2021.03.31"]
[SourceQuality "1"]

1. d4 Nf6 2. c4 e6 3. Nc3 Bb4 4. Qc2 c5 5. dxc5 Bxc5 6. Nf3 0-0 7. a3 b6 8. Bg5 Be7 9. e4 Bb7 10. Be2 Nc6 11. Rd1 Ng4 12. Bf4 Bf6 13. Bd6 Re8 14. 0-0 Nge5 15. Nb5 Rc8 16. Bxe5 Bxe5 17. Nxe5 Nxe5 18. Nd6 1-0

[Event "THA-chT op"]
[Site "Bangkok"]
[Date "2020.12.13"]
[Round "8.2"]
[White "Maneesorn, Kankawee"]
[Black "Wiwatanadate, Poompong"]
[Result "0-1"]
[WhiteElo "1885"]
[BlackElo "2040"]
[PlyCount "50"]
[EventDate "2020.12.10"]
[EventType "team-swiss"]
[EventRounds "9"]
[EventCountry "THA"]
[SourceTitle "CBM 199 Extra"]
[Source "ChessBase"]
[SourceDate "2021.01.31"]
[SourceVersion "1"]
[SourceVersionDate "2021.01.31"]
[SourceQuality "1"]
[WhiteTeam "Chiang Mai"]
[BlackTeam "Chess Avengers 101"]
[WhiteTeamCountry "THA"]
[BlackTeamCountry "THA"]

1. e4 e6 2. d4 d5 3. Nc3 Bb4 4. exd5 exd5 5. Bd3 c5 6. Qe2+ Ne7 7. dxc5 0-0 8. Bd2 Nd7 9. Qg4 Bxc5 10. Qh4 Nf6 11. Nge2 Ng6 12. Qg3 Bd6 13. f4 Re8 14. 0-0-0 Qa5 15. Kb1 Qc5 16. h3 Bd7 17. Qf3 Bc6 18. Ng3 Nh4 19. Qf1 d4 20. Nce2 Bxg2 21. Qf2 Bxh1 22. Rxh1 Qd5 23. Nxd4 Bc5 24. c3 Rad8 25. Be3 Ng2 0-1

[Event "THA-ch"]
[Site "Bangkok"]
[Date "2020.02.10"]
[Round "9"]
[White "Maneesorn, Kankawee"]
[Black "Kulpruethanon, Thanadon"]
[Result "0-1"]
[WhiteElo "1883"]
[BlackElo "2279"]
[PlyCount "100"]
[EventDate "2020.02.06"]
[EventType "swiss"]
[EventRounds "9"]
[EventCountry "THA"]
[SourceTitle "CBM 195 Extra"]
[Source "ChessBase"]
[SourceDate "2020.05.31"]
[SourceVersion "1"]
[SourceVersionDate "2020.05.31"]
[SourceQuality "1"]

1. e4 c5 2. Nf3 Nc6 3. d4 cxd4 4. Nxd4 g6 5. c4 Nf6 6. Nc3 d6 7. Be2 Nxd4 8. Qxd4 Bg7 9. Be3 0-0 10. Qd2 Be6 11. Rd1 Qa5 12. 0-0 Rfc8 13. b3 b5 14. Nxb5 Qxd2 15. Bxd2 Nxe4 16. Be3 a6 17. Nd4 Nc3 18. Rd2 Nxe2+ 19. Nxe2 a5 20. Nf4 a4 21. Nd5 Bxd5 22. Rxd5 Rab8 23. Rd3 Bb2 24. Rb1 Ba3 25. Rbd1 Bc5 26. g3 Rb7 27. Kg2 Kf8 28. Re1 Bxe3 29. Rexe3 Ra8 30. Rd5 axb3 31. axb3 Ra2 32. Rc3 Ra3 33. Rdd3 f5 34. h3 Kf7 35. g4 Kf6 36. f4 h6 37. Kg3 Ra2 38. c5 dxc5 39. Rxc5 Rb6 40. Re3 Rb2 41. Rce5 e6 42. Kf3 Rd2 43. Kg3 Rd4 44. gxf5 exf5 45. Re8 g5 46. fxg5+ hxg5 47. Rf3 Rb5 48. Rf8+ Kg6 49. Rg8+ Kh6 50. Rf8 f4+ 0-1

[Event "THA-ch"]
[Site "Bangkok"]
[Date "2020.02.07"]
[Round "4"]
[White "Burbach, Brunel Baron"]
[Black "Maneesorn, Kankawee"]
[Result "1-0"]
[WhiteElo "1780"]
[BlackElo "1883"]
[PlyCount "55"]
[EventDate "2020.02.06"]
[EventType "swiss"]
[EventRounds "9"]
[EventCountry "THA"]
[SourceTitle "CBM 195 Extra"]
[Source "ChessBase"]
[SourceDate "2020.05.31"]
[SourceVersion "1"]
[SourceVersionDate "2020.05.31"]
[SourceQuality "1"]

1. e4 c5 2. Nf3 d6 3. Bb5+ Nd7 4. 0-0 Ngf6 5. Re1 a6 6. Bf1 b5 7. c4 Rb8 8. d4 cxd4 9. Nxd4 Bb7 10. cxb5 axb5 11. Nxb5 Bxe4 12. f3 Rxb5 13. Bxb5 Qb6+ 14. Kh1 Qxb5 15. Nc3 Qb6 16. Nxe4 Nxe4 17. Rxe4 f5 18. Re2 h6 19. Be3 Qa6 20. a4 g5 21. b4 Bg7 22. b5 Qb7 23. Rb1 f4 24. Bf2 Ne5 25. Bd4 g4 26. Bxe5 Bxe5 27. Qd3 gxf3 28. Qxf3 1-0

[Event "Vientiane op"]
[Site "Vientiane"]
[Date "2018.12.23"]
[Round "9"]
[White "Maneesorn, Kankawee"]
[Black "Ng, Jia Shyen"]
[Result "1-0"]
[WhiteElo "1915"]
[BlackElo "1407"]
[PlyCount "69"]
[EventDate "2018.12.18"]
[EventType "swiss"]
[EventRounds "9"]
[EventCountry "LAO"]
[SourceTitle "CBM 187 Extra"]
[Source "ChessBase"]
[SourceDate "2018.11.04"]
[SourceVersion "1"]
[SourceVersionDate "2018.11.04"]
[SourceQuality "1"]

1. e4 e5 2. Nf3 Nc6 3. Bb5 Bc5 4. c3 Nf6 5. d3 d6 6. h3 Bd7 7. 0-0 h6 8. Re1 0-0 9. Nbd2 Ne7 10. Bc4 Ng6 11. Nf1 Qe7 12. Ng3 Nh7 13. Nf5 Qf6 14. g4 Bxf5 15. exf5 Nh4 16. Nxh4 Qxh4 17. Qf3 Ng5 18. Bxg5 Qxg5 19. Re2 c6 20. Kg2 d5 21. Bb3 Qf4 22. Qxf4 exf4 23. c4 dxc4 24. dxc4 Kh7 25. Rd1 g6 26. Re5 b6 27. fxg6+ fxg6 28. Rd7+ Kg8 29. Re6 Rf7 30. Rxg6+ Kh7 31. Rxh6+ Kxh6 32. Rxf7 Kg5 33. Bc2 Bd6 34. Rf5+ Kh4 35. Rh5# 1-0

[Event "Vientiane op"]
[Site "Vientiane"]
[Date "2018.12.22"]
[Round "8"]
[White "Wiwatanadate, Poompong"]
[Black "Maneesorn, Kankawee"]
[Result "1-0"]
[WhiteElo "1968"]
[BlackElo "1915"]
[PlyCount "57"]
[EventDate "2018.12.18"]
[EventType "swiss"]
[EventRounds "9"]
[EventCountry "LAO"]
[SourceTitle "CBM 187 Extra"]
[Source "ChessBase"]
[SourceDate "2018.11.04"]
[SourceVersion "1"]
[SourceVersionDate "2018.11.04"]
[SourceQuality "1"]

1. Nf3 Nf6 2. g3 e6 3. Bg2 c5 4. 0-0 Be7 5. c4 0-0 6. b3 d6 7. d4 cxd4 8. Nxd4 a6 9. Nc3 Qc7 10. Bb2 Bd7 11. e4 Nc6 12. Nc2 Rac8 13. Qe2 Rfe8 14. Rad1 Qb8 15. Ne3 Na7 16. f4 Bc6 17. e5 Nd7 18. Bxc6 Rxc6 19. Ne4 Nc8 20. Qg4 g6 21. Qh3 Bf8 22. Ng4 Bg7 23. Ng5 h5 24. Nf6+ Nxf6 25. exf6 Bh6 26. g4 e5 27. gxh5 Qa7+ 28. Kh1 exf4 29. hxg6 1-0

[Event "Vientiane op"]
[Site "Vientiane"]
[Date "2018.12.19"]
[Round "3"]
[White "Maneesorn, Kankawee"]
[Black "Salvador, Louie"]
[Result "0-1"]
[WhiteElo "1915"]
[BlackElo "2225"]
[PlyCount "60"]
[EventDate "2018.12.18"]
[EventType "swiss"]
[EventRounds "9"]
[EventCountry "LAO"]
[SourceTitle "CBM 187 Extra"]
[Source "ChessBase"]
[SourceDate "2018.11.04"]
[SourceVersion "1"]
[SourceVersionDate "2018.11.04"]
[SourceQuality "1"]

1. e4 c5 2. Nf3 d6 3. d4 cxd4 4. Nxd4 Nf6 5. Nc3 a6 6. Bg5 e6 7. f4 Nbd7 8. Qf3 Qc7 9. 0-0-0 b5 10. a3 Bb7 11. Bxf6 Nxf6 12. g4 Rc8 13. g5 Nd7 14. h4 Nc5 15. h5 e5 16. Nd5 Bxd5 17. exd5 exd4 18. Bh3 Rb8 19. Rhe1+ Be7 20. Rxd4 0-0 21. b4 Na4 22. Rde4 Bd8 23. Re8 g6 24. Qe4 Bxg5 25. fxg5 Rbxe8 26. Qxe8 Qc3 27. Re3 Qa1+ 28. Kd2 Nb2 29. Re7 Qd1+ 30. Ke3 Qe1+ 0-1

[Event "Vientiane op"]
[Site "Vientiane"]
[Date "2018.12.18"]
[Round "2"]
[White "Burbach, Brunel Baron"]
[Black "Maneesorn, Kankawee"]
[Result "0-1"]
[WhiteElo "1532"]
[BlackElo "1915"]
[PlyCount "60"]
[EventDate "2018.12.18"]
[EventType "swiss"]
[EventRounds "9"]
[EventCountry "LAO"]
[SourceTitle "CBM 187 Extra"]
[Source "ChessBase"]
[SourceDate "2018.11.04"]
[SourceVersion "1"]
[SourceVersionDate "2018.11.04"]
[SourceQuality "1"]

1. e4 c5 2. Nf3 d6 3. Bb5+ Bd7 4. Bxd7+ Qxd7 5. 0-0 e6 6. c3 Nc6 7. d4 cxd4 8. cxd4 d5 9. exd5 Qxd5 10. Nc3 Qa5 11. Ne5 Rc8 12. Qb3 Qb4 13. Nxc6 Rxc6 14. Qxb4 Bxb4 15. Bd2 Nf6 16. Rac1 Kd7 17. Bg5 Bxc3 18. Bxf6 gxf6 19. bxc3 Rhc8 20. Rb1 b6 21. Rb5 f5 22. a4 Rxc3 23. a5 R8c6 24. h3 a6 25. Rb4 b5 26. d5 R6c4 27. Rb2 e5 28. Re2 Kd6 29. Rfe1 f6 30. Rd2 Ra4 0-1

[Event "Bangkok Assumption op"]
[Site "Bangkok"]
[Date "2017.03.19"]
[Round "9"]
[White "Laohawirapap, Prin"]
[Black "Maneesorn, Kankawee"]
[Result "0-1"]
[WhiteElo "1426"]
[BlackElo "1886"]
[PlyCount "75"]
[EventDate "2017.03.10"]
[EventType "swiss"]
[EventRounds "9"]
[EventCountry "THA"]
[SourceTitle "EXT 2018"]
[Source "ChessBase"]
[SourceDate "2017.10.13"]
[SourceVersion "1"]
[SourceVersionDate "2017.10.13"]
[SourceQuality "1"]

1. e4 c5 2. Nf3 d6 3. d4 cxd4 4. Nxd4 Nf6 5. Nc3 a6 6. Be3 e5 7. Nb3 Be6 8. Be2 Be7 9. 0-0 Nbd7 10. Qd2 b5 11. f3 Qc7 12. Rfd1 Rc8 13. Rac1 0-0 14. a4 b4 15. Nd5 Bxd5 16. exd5 Nb6 17. Qxb4 Nfxd5 18. Bxb6 Nxb6 19. Bxa6 Ra8 20. Bb5 Nxa4 21. Bxa4 Qa7+ 22. Kh1 Qxa4 23. Qxa4 Rxa4 24. Kg1 Ra2 25. Nd2 Bg5 26. Rb1 d5 27. Kf2 Rc8 28. c3 Rb8 29. Ke2 Rbxb2 30. Rxb2 Rxb2 31. Kd3 f6 32. g3 Kf7 33. h4 Rxd2+ 34. Rxd2 Bxd2 35. Kxd2 Ke6 36. Ke3 h5 37. g4 hxg4 38. f4 0-1

[Event "Bangkok Assumption op"]
[Site "Bangkok"]
[Date "2017.03.12"]
[Round "5"]
[White "Maneesorn, Kankawee"]
[Black "Khumnorkaew, Tupfah"]
[Result "1/2-1/2"]
[WhiteElo "1886"]
[BlackElo "2111"]
[PlyCount "87"]
[EventDate "2017.03.10"]
[EventType "swiss"]
[EventRounds "9"]
[EventCountry "THA"]
[SourceTitle "EXT 2018"]
[Source "ChessBase"]
[SourceDate "2017.10.13"]
[SourceVersion "1"]
[SourceVersionDate "2017.10.13"]
[SourceQuality "1"]

1. e4 e5 2. Nf3 Nc6 3. Bb5 Nf6 4. 0-0 Be7 5. Re1 d6 6. c3 a6 7. Ba4 b5 8. Bc2 0-0 9. d3 Bb7 10. Nbd2 Re8 11. Nf1 Nb8 12. Ng3 g6 13. Bg5 Nfd7 14. h4 Bxg5 15. hxg5 Nf8 16. Nf1 Ne6 17. Qd2 f6 18. Bb3 Kg7 19. gxf6+ Qxf6 20. Ne3 h5 21. Nd5 Qd8 22. g3 Nd7 23. d4 c5 24. dxe5 Nxe5 25. Nxe5 dxe5 26. Rad1 Ng5 27. Qe3 c4 28. Bc2 Bxd5 29. Rxd5 Qf6 30. Red1 Nf3+ 31. Kg2 Re7 32. Qc5 Qe6 33. a4 Ng5 34. Qxe7+ Qxe7 35. Rd7 Qxd7 36. Rxd7+ Nf7 37. Rb7 Rd8 38. axb5 axb5 39. Rxb5 Rd2 40. Bb1 g5 41. Ba2 g4 42. Bxc4 Nd6 43. b3 Nxe4 44. Rxe5 1/2-1/2

[Event "Bangkok Assumption op"]
[Site "Bangkok"]
[Date "2017.03.10"]
[Round "1"]
[White "Maneesorn, Kankawee"]
[Black "Tawankanjana, Dhi"]
[Result "1-0"]
[WhiteElo "1886"]
[BlackElo "1355"]
[PlyCount "43"]
[EventDate "2017.03.10"]
[EventType "swiss"]
[EventRounds "9"]
[EventCountry "THA"]
[SourceTitle "EXT 2018"]
[Source "ChessBase"]
[SourceDate "2017.10.13"]
[SourceVersion "1"]
[SourceVersionDate "2017.10.13"]
[SourceQuality "1"]

1. d4 Nf6 2. Bg5 g6 3. Nc3 Bg7 4. e4 d6 5. f3 Nc6 6. Qd2 Bd7 7. 0-0-0 0-0 8. g4 a6 9. h4 b5 10. h5 b4 11. Nce2 a5 12. Bh6 a4 13. Bxg7 Kxg7 14. hxg6 fxg6 15. Qh6+ Kg8 16. Nf4 Kf7 17. g5 Ng8 18. Qxh7+ Ke8 19. Qxg6+ Rf7 20. Qxg8+ Rf8 21. Qg6+ Rf7 22. Rh8# 1-0

[Event "THA-chT"]
[Site "Bangkok"]
[Date "2015.12.12"]
[Round "7.2"]
[White "Menkinoski, Riste"]
[Black "Maneesorn, Kankawee"]
[Result "1-0"]
[WhiteElo "2316"]
[BlackElo "1818"]
[PlyCount "73"]
[EventDate "2015.12.04"]
[EventType "team-swiss"]
[EventRounds "9"]
[EventCountry "THA"]
[SourceTitle "CBM 170 Extra"]
[Source "ChessBase"]
[SourceDate "2016.02.25"]
[SourceVersion "1"]
[SourceVersionDate "2016.02.25"]
[SourceQuality "1"]
[WhiteTeam "IWICA"]
[BlackTeam "Chiang Mai II"]
[WhiteTeamCountry "THA"]
[BlackTeamCountry "THA"]

1. e4 c5 2. c3 e6 3. Nf3 d5 4. exd5 Qxd5 5. d4 Nc6 6. Be3 cxd4 7. cxd4 Bb4+ 8. Nc3 Nf6 9. Bd3 0-0 10. 0-0 Qh5 11. h3 b6 12. Ne2 Qd5 13. Bg5 Be7 14. Nf4 Qd6 15. Ne2 Nd5 16. Nc3 h6 17. Ne4 Qd8 18. Bc1 Bb7 19. a3 Nf6 20. Nc3 Rc8 21. Be3 Nd5 22. Qe2 Bf6 23. Rad1 Nce7 24. Ne4 Ng6 25. Qd2 Nh4 26. Nxh4 Bxh4 27. Bxh6 Nf6 28. Nxf6+ Bxf6 29. Be3 Qd5 30. f3 Rfd8 31. Bb1 Qb3 32. Qf2 Bh4 33. Qxh4 Qxe3+ 34. Kh1 Ba6 35. Rfe1 Be2 36. Qh7+ Kf8 37. Rd3 1-0